[Event "RN-2018-0-01395"]
[Site "LSS email"]
[Date "2018.01.25"]
[Round "?"]
[White "Cherry, Brian"]
[Black "Hernandez, Yordan"]
[Result "1-0"]
[WhiteElo "401"]
[BlackElo "1124"]
[PlyCount "27"]
[EventDate "2018.01.14"]
[EventType "tourn (corr)"]
[EventRounds "6"]
[EventCountry "GER"]
[SourceTitle "Corr 2022"]
[Source "ChessBase"]
[SourceDate "2021.10.24"]
[SourceVersion "1"]
[SourceVersionDate "2021.10.24"]
[SourceQuality "1"]

1. e4 e5 2. Nf3 d6 3. d4 exd4 4. Nxd4 Nf6 5. f3 Be7 6. c3 0-0 7. Bd3 Nc6 8. Nxc6 bxc6 9. Bg5 Re8 10. 0-0 Bb7 11. Nd2 h6 12. Bh4 c5 13. Qe2 Bf8 14. Nc4 1-0

[Event "ZN-2018-0-03713"]
[Site "LSS email"]
[Date "2018.01.20"]
[Round "?"]
[White "Hernandez, Yordan"]
[Black "Malyszek, Tomasz"]
[Result "0-1"]
[WhiteElo "1135"]
[BlackElo "990"]
[PlyCount "52"]
[EventDate "2018.01.16"]
[EventType "match (corr)"]
[EventRounds "2"]
[EventCountry "GER"]
[SourceTitle "Corr 2022"]
[Source "ChessBase"]
[SourceDate "2021.10.24"]
[SourceVersion "1"]
[SourceVersionDate "2021.10.24"]
[SourceQuality "1"]

1. d4 d5 2. Nf3 Nc6 3. c4 e6 4. Nc3 Be7 5. cxd5 exd5 6. Bf4 a6 7. e3 Nf6 8. Ne5 Bf5 9. Nxc6 bxc6 10. Na4 Bb4+ 11. Nc3 Ne4 12. Rc1 Bxc3+ 13. bxc3 0-0 14. Be2 c5 15. 0-0 c4 16. g4 Be6 17. f3 Nd6 18. Bg3 h6 19. Qe1 Qc8 20. Qf2 Qd8 21. Rb1 Nb5 22. Rfc1 Qf6 23. a4 Nd6 24. Bh4 Qg6 25. Bd1 Bf5 26. Bc2 Bxc2 0-1

[Event "ZN-2018-0-03712"]
[Site "LSS email"]
[Date "2018.01.19"]
[Round "?"]
[White "Hernandez, Yordan"]
[Black "D'Emilia, Jack"]
[Result "0-1"]
[WhiteElo "1128"]
[BlackElo "884"]
[PlyCount "56"]
[EventDate "2018.01.10"]
[EventType "match (corr)"]
[EventRounds "2"]
[EventCountry "GER"]
[SourceTitle "Corr 2022"]
[Source "ChessBase"]
[SourceDate "2021.10.24"]
[SourceVersion "1"]
[SourceVersionDate "2021.10.24"]
[SourceQuality "1"]

1. d4 d5 2. Nf3 Nf6 3. Bg5 h6 4. Bxf6 gxf6 5. e3 Nc6 6. c4 Be6 7. Nc3 Qd7 8. cxd5 Bxd5 9. e4 Qe6 10. Qe2 Bxe4 11. Qxe4 Qxe4+ 12. Nxe4 0-0-0 13. 0-0-0 h5 14. Bb5 Bh6+ 15. Kb1 e5 16. Bxc6 bxc6 17. Nxf6 exd4 18. Rxd4 Rxd4 19. Nxd4 Bg7 20. Nxc6 Bxf6 21. Nxa7+ Kb7 22. Nb5 Kc6 23. Nc3 Rb8 24. Rc1 Kd7 25. b3 c5 26. Ne4 Bd4 27. Nxc5+ Ke7 28. Ne4 f5 0-1

[Event "RN-2018-0-01392"]
[Site "LSS email"]
[Date "2018.01.16"]
[Round "?"]
[White "Hernandez, Yordan"]
[Black "Vontina, Maria"]
[Result "1-0"]
[WhiteElo "1120"]
[BlackElo "816"]
[PlyCount "37"]
[EventDate "2018.01.07"]
[EventType "tourn (corr)"]
[EventRounds "6"]
[EventCountry "GER"]
[SourceTitle "Corr 2022"]
[Source "ChessBase"]
[SourceDate "2021.10.24"]
[SourceVersion "1"]
[SourceVersionDate "2021.10.24"]
[SourceQuality "1"]

1. d4 Nf6 2. Nf3 d5 3. Bg5 e6 4. Nbd2 Be7 5. e3 0-0 6. Bd3 a6 7. Ne5 Nbd7 8. f4 h6 9. h4 c5 10. c3 cxd4 11. exd4 b5 12. a3 Nb6 13. g4 Nc4 14. Bxf6 Bxf6 15. g5 hxg5 16. hxg5 Bxe5 17. Rh8+ Kxh8 18. Qh5+ Kg8 19. Qh7# 1-0

[Event "OP-2018-0-04507"]
[Site "LSS email"]
[Date "2018.01.07"]
[Round "?"]
[White "Kuttner, Jaromir"]
[Black "Hernandez, Yordan"]
[Result "0-1"]
[WhiteElo "920"]
[BlackElo "1114"]
[PlyCount "94"]
[EventDate "2018.01.03"]
[EventType "tourn (corr)"]
[EventRounds "4"]
[EventCountry "GER"]
[SourceTitle "Corr 2022"]
[Source "ChessBase"]
[SourceDate "2021.10.24"]
[SourceVersion "1"]
[SourceVersionDate "2021.10.24"]
[SourceQuality "1"]

1. e4 c5 2. Nf3 d6 3. d4 cxd4 4. Nxd4 Nf6 5. Nc3 a6 6. g3 e5 7. Nde2 Be7 8. Bg2 b5 9. 0-0 0-0 10. h3 Bb7 11. g4 b4 12. Nd5 Bxd5 13. exd5 Nbd7 14. Ng3 Nc5 15. Bd2 Qb6 16. a3 b3 17. Be3 bxc2 18. Qxc2 Qb3 19. Rfc1 Qxc2 20. Rxc2 Nb3 21. Rd1 Rfc8 22. Rc6 g6 23. Rb6 Na5 24. b3 Nd7 25. Rb4 Rc3 26. Ne4 Rxb3 27. Rxb3 Nxb3 28. Rb1 Rb8 29. a4 f5 30. gxf5 gxf5 31. Nd2 Nxd2 32. Rxb8+ Nxb8 33. Bxd2 Bd8 34. a5 e4 35. Bf1 Kf7 36. Bb4 Ke7 37. Kg2 Kd7 38. Kg3 Bg5 39. Be2 Kc7 40. f4 Bf6 41. h4 Bd4 42. Bh5 Bc5 43. Bc3 Nd7 44. Be8 Kd8 45. Bf7 Ke7 46. Be6 Nf6 47. Be1 Nh5+ 0-1

[Event "RN-2017-0-01384"]
[Site "LSS email"]
[Date "2017.12.26"]
[Round "?"]
[White "Venturas, Bob"]
[Black "Hernandez, Yordan"]
[Result "0-1"]
[WhiteElo "676"]
[BlackElo "1264"]
[PlyCount "28"]
[EventDate "2017.12.18"]
[EventType "tourn (corr)"]
[EventRounds "6"]
[EventCountry "GER"]
[SourceTitle "Corr 2022"]
[Source "ChessBase"]
[SourceDate "2021.10.24"]
[SourceVersion "1"]
[SourceVersionDate "2021.10.24"]
[SourceQuality "1"]

1. e4 d5 2. Qf3 dxe4 3. Qxe4 Nf6 4. Qe2 c6 5. d3 Qc7 6. h3 Bf5 7. a3 e6 8. Nf3 h6 9. Nc3 Nbd7 10. Nd4 Bg6 11. Qf3 Bd6 12. Be2 0-0 13. 0-0 Ne5 14. Re1 Nxf3+ 0-1

[Event "RN-2017-0-01383"]
[Site "LSS email"]
[Date "2017.12.24"]
[Round "?"]
[White "Kuttner, Jaromir"]
[Black "Hernandez, Yordan"]
[Result "1-0"]
[WhiteElo "870"]
[BlackElo "1269"]
[PlyCount "37"]
[EventDate "2017.12.17"]
[EventType "tourn (corr)"]
[EventRounds "6"]
[EventCountry "GER"]
[SourceTitle "Corr 2022"]
[Source "ChessBase"]
[SourceDate "2021.10.24"]
[SourceVersion "1"]
[SourceVersionDate "2021.10.24"]
[SourceQuality "1"]

1. e4 d5 2. exd5 Qxd5 3. Nc3 Qd6 4. d4 a6 5. Nf3 Nf6 6. g3 Bg4 7. Bg2 Nc6 8. Be3 0-0-0 9. Ne2 e5 10. c3 exd4 11. Nfxd4 Nxd4 12. Qxd4 Bxe2 13. Kxe2 Qxd4 14. Bxd4 Be7 15. Rhe1 Rhe8 16. Kf1 Kb8 17. Rad1 g6 18. Rd2 Ng4 19. Rde2 1-0

[Event "IECC CL0-2017.00 email"]
[Site "IECC email"]
[Date "2017.12.21"]
[Round "?"]
[White "Kuttner, Jaromir"]
[Black "Hernandez, Yordan"]
[Result "1-0"]
[WhiteElo "944"]
[BlackElo "1494"]
[PlyCount "31"]
[EventDate "2017.11.21"]
[EventType "tourn (corr)"]
[EventRounds "4"]
[SourceTitle "Corr 2022"]
[Source "ChessBase"]
[SourceDate "2021.10.24"]
[SourceVersion "1"]
[SourceVersionDate "2021.10.24"]
[SourceQuality "1"]

1. e4 d5 2. exd5 Qxd5 3. Nc3 Qe5+ 4. Qe2 Qxe2+ 5. Ngxe2 Nf6 6. g3 c6 7. Bg2 e5 8. d4 Bd6 9. Bg5 Bf5 10. 0-0-0 Nbd7 11. f4 exf4 12. Nxf4 0-0 13. d5 Bxf4+ 14. Bxf4 Bg4 15. dxc6 bxc6 16. Rd6 1-0

[Event "RF-2017-0-00416"]
[Site "LSS email"]
[Date "2017.12.19"]
[Round "?"]
[White "Hernandez, Yordan"]
[Black "Lauer, Frederic"]
[Result "1-0"]
[WhiteElo "1612"]
[BlackElo "1172"]
[PlyCount "31"]
[EventDate "2017.11.05"]
[EventType "tourn (corr)"]
[EventRounds "6"]
[EventCountry "GER"]
[SourceTitle "Corr 2022"]
[Source "ChessBase"]
[SourceDate "2021.10.24"]
[SourceVersion "1"]
[SourceVersionDate "2021.10.24"]
[SourceQuality "1"]

1. d4 Nf6 2. Nf3 e6 3. Bg5 Be7 4. Nbd2 d5 5. e3 0-0 6. Bd3 b6 7. Ne5 Bb7 8. Bxf6 Bxf6 9. f4 c5 10. c3 Nd7 11. 0-0 cxd4 12. exd4 Nxe5 13. fxe5 Be7 14. Qh5 g6 15. Qh3 Re8 16. Rxf7 1-0

[Event "ZN-2017-0-03696"]
[Site "LSS email"]
[Date "2017.12.19"]
[Round "?"]
[White "Hernandez, Yordan"]
[Black "Plummer, Martin"]
[Result "0-1"]
[WhiteElo "1408"]
[BlackElo "1057"]
[PlyCount "44"]
[EventDate "2017.12.11"]
[EventType "match (corr)"]
[EventRounds "2"]
[EventCountry "GER"]
[SourceTitle "Corr 2022"]
[Source "ChessBase"]
[SourceDate "2021.10.24"]
[SourceVersion "1"]
[SourceVersionDate "2021.10.24"]
[SourceQuality "1"]

1. e4 c5 2. Nc3 Nc6 3. f4 e6 4. Nf3 Nge7 5. g3 d5 6. d3 g6 7. Bg2 Bg7 8. 0-0 b6 9. Bd2 Bb7 10. e5 Nf5 11. g4 Nfd4 12. Nxd4 Nxd4 13. Ne2 Nxe2+ 14. Qxe2 h5 15. g5 0-0 16. c4 Qd7 17. Bc3 Rfd8 18. Rfd1 Qc7 19. b3 a6 20. d4 cxd4 21. Rxd4 b5 22. c5 Qxc5 0-1

[Event "ZN-2017-0-03695"]
[Site "LSS email"]
[Date "2017.12.18"]
[Round "?"]
[White "Klawitter, Bernd"]
[Black "Hernandez, Yordan"]
[Result "1-0"]
[WhiteElo "825"]
[BlackElo "1408"]
[PlyCount "37"]
[EventDate "2017.12.11"]
[EventType "match (corr)"]
[EventRounds "2"]
[EventCountry "GER"]
[SourceTitle "Corr 2022"]
[Source "ChessBase"]
[SourceDate "2021.10.24"]
[SourceVersion "1"]
[SourceVersionDate "2021.10.24"]
[SourceQuality "1"]

1. e4 d5 2. exd5 Qxd5 3. Nc3 Qe5+ 4. Be2 c6 5. d4 Qc7 6. Nf3 Bf5 7. Ne5 Nd7 8. Bf4 Nxe5 9. Bxe5 Qa5 10. 0-0 e6 11. a3 Nf6 12. Bxf6 gxf6 13. Bd3 Bd6 14. b4 Qd8 15. Bxf5 exf5 16. Re1+ Kf8 17. Qh5 Qd7 18. Qh6+ Kg8 19. Qxf6 1-0

[Event "IECC CL0-2017.00 email"]
[Site "IECC email"]
[Date "2017.12.17"]
[Round "?"]
[White "Hernandez, Yordan"]
[Black "Slavin, Pablo"]
[Result "1-0"]
[WhiteElo "1494"]
[BlackElo "1327"]
[PlyCount "41"]
[EventDate "2017.11.21"]
[EventType "tourn (corr)"]
[EventRounds "4"]
[SourceTitle "Corr 2022"]
[Source "ChessBase"]
[SourceDate "2021.10.24"]
[SourceVersion "1"]
[SourceVersionDate "2021.10.24"]
[SourceQuality "1"]

1. e4 c5 2. Nc3 Nc6 3. f4 e6 4. Nf3 d5 5. Bb5 Nge7 6. 0-0 d4 7. Ne2 a6 8. Bxc6+ Nxc6 9. d3 Be7 10. Kh1 Qc7 11. a4 0-0 12. Neg1 e5 13. f5 f6 14. Bd2 Na5 15. b3 Nc6 16. Qe1 Qd7 17. Qh4 Bd6 18. g4 Qf7 19. Ne2 Bd7 20. g5 fxg5 21. Nxg5 1-0

[Event "IECC CL0-2017.00 email"]
[Site "IECC email"]
[Date "2017.12.07"]
[Round "?"]
[White "Lauer, Frederic"]
[Black "Hernandez, Yordan"]
[Result "1-0"]
[WhiteElo "1178"]
[BlackElo "1576"]
[PlyCount "41"]
[EventDate "2017.11.09"]
[EventType "tourn (corr)"]
[EventRounds "4"]
[SourceTitle "Corr 2022"]
[Source "ChessBase"]
[SourceDate "2021.10.24"]
[SourceVersion "1"]
[SourceVersionDate "2021.10.24"]
[SourceQuality "1"]

1. e4 c5 2. c3 Nc6 3. d4 cxd4 4. cxd4 g6 5. d5 Nb8 6. Qd4 f6 7. Nc3 Bg7 8. f4 b6 9. d6 Nc6 10. Qd1 e6 11. Nb5 Rb8 12. Nc7+ Kf7 13. f5 Bh6 14. Nf3 Bxc1 15. Rxc1 Rb7 16. Bc4 Rxc7 17. dxc7 Qxc7 18. fxe6+ dxe6 19. Bb5 Nge7 20. 0-0 Rd8 21. Qb3 1-0

[Event "IECC CL0-2017.00 email"]
[Site "IECC email"]
[Date "2017.12.04"]
[Round "?"]
[White "Hernandez, Yordan"]
[Black "Chura, Michal"]
[Result "1-0"]
[WhiteElo "1576"]
[BlackElo "1149"]
[PlyCount "55"]
[EventDate "2017.11.09"]
[EventType "tourn (corr)"]
[EventRounds "4"]
[SourceTitle "Corr 2022"]
[Source "ChessBase"]
[SourceDate "2021.10.24"]
[SourceVersion "1"]
[SourceVersionDate "2021.10.24"]
[SourceQuality "1"]

1. e4 c5 2. Nf3 Nc6 3. d4 cxd4 4. c3 dxc3 5. Nxc3 g6 6. Bf4 Bg7 7. Bc4 e6 8. Qe2 Nge7 9. 0-0 0-0 10. Rfd1 Qa5 11. Bd6 Re8 12. Rac1 a6 13. a3 Qh5 14. b4 b5 15. Ba2 Ra7 16. e5 Nf5 17. h3 Nxd6 18. exd6 Bb7 19. Bb1 Ne5 20. Nxe5 Bxe5 21. Qxh5 gxh5 22. Ne4 Bxe4 23. Bxe4 f5 24. Bf3 h4 25. Rc5 Bf4 26. Rd4 Bg5 27. Rc7 Rea8 28. Bxa8 1-0

[Event "IECC CL4-2017.03 email"]
[Site "IECC email"]
[Date "2017.11.22"]
[Round "?"]
[White "Hernandez, Yordan"]
[Black "Trevis, Robert R"]
[Result "0-1"]
[WhiteElo "1612"]
[BlackElo "1166"]
[PlyCount "29"]
[EventDate "2017.??.??"]
[EventType "tourn (corr)"]
[EventRounds "4"]
[SourceTitle "Corr 2022"]
[Source "ChessBase"]
[SourceDate "2021.10.24"]
[SourceVersion "1"]
[SourceVersionDate "2021.10.24"]
[SourceQuality "1"]

1. e4 e5 2. Nf3 Nc6 3. Bb5 a6 4. Ba4 Nf6 5. 0-0 Be7 6. Re1 b5 7. Bb3 d6 8. c3 0-0 9. d4 Bg4 10. d5 Na5 11. Bc2 c6 12. dxc6 Qc7 13. Nbd2 Nxc6 14. h3 Be6 15. Nf1 0-1

[Event "IECC CL4-2017.03 email"]
[Site "IECC email"]
[Date "2017.11.21"]
[Round "?"]
[White "Hernandez, Yordan"]
[Black "Shim Ng Min, Francis"]
[Result "1-0"]
[WhiteElo "1612"]
[BlackElo "1185"]
[PlyCount "36"]
[EventDate "2017.??.??"]
[EventType "tourn (corr)"]
[EventRounds "4"]
[SourceTitle "Corr 2022"]
[Source "ChessBase"]
[SourceDate "2021.10.24"]
[SourceVersion "1"]
[SourceVersionDate "2021.10.24"]
[SourceQuality "1"]

1. e4 c5 2. Nf3 d6 3. d4 cxd4 4. c3 d3 5. Bxd3 Nf6 6. 0-0 e5 7. Bg5 Be7 8. Re1 0-0 9. Nbd2 Nc6 10. Nh4 h6 11. Be3 Nxe4 12. Nxe4 Bxh4 13. Bc4 Be7 14. f4 exf4 15. Bxf4 Bf5 16. Nxd6 Qb6+ 17. Be3 Qxb2 18. Nxf5 Bf6 1-0

[Event "SE-2017-0-00263"]
[Site "LSS email"]
[Date "2017.11.12"]
[Round "?"]
[White "Bieszk, Stanislaw"]
[Black "Hernandez, Yordan"]
[Result "1-0"]
[WhiteElo "1562"]
[BlackElo "1626"]
[PlyCount "33"]
[EventDate "2017.10.10"]
[EventType "tourn (corr)"]
[EventRounds "6"]
[EventCountry "GER"]
[SourceTitle "Corr 2022"]
[Source "ChessBase"]
[SourceDate "2021.10.24"]
[SourceVersion "1"]
[SourceVersionDate "2021.10.24"]
[SourceQuality "1"]

1. c4 Nf6 2. Nc3 g6 3. g3 Bg7 4. Bg2 0-0 5. d4 c6 6. Nf3 d5 7. cxd5 Nxd5 8. e4 Nxc3 9. bxc3 Bg4 10. 0-0 c5 11. Qb3 Bxf3 12. Bxf3 Nd7 13. e5 cxd4 14. cxd4 Rb8 15. Qa4 Nb6 16. Qxa7 Nc4 17. Rb1 1-0

[Event "SE-2017-0-00263"]
[Site "LSS email"]
[Date "2017.11.10"]
[Round "?"]
[White "Koepcke, Klaus Peter"]
[Black "Hernandez, Yordan"]
[Result "1-0"]
[WhiteElo "1413"]
[BlackElo "1626"]
[PlyCount "57"]
[EventDate "2017.10.10"]
[EventType "tourn (corr)"]
[EventRounds "6"]
[EventCountry "GER"]
[SourceTitle "Corr 2022"]
[Source "ChessBase"]
[SourceDate "2021.10.24"]
[SourceVersion "1"]
[SourceVersionDate "2021.10.24"]
[SourceQuality "1"]

1. d4 Nf6 2. c4 e5 3. dxe5 Ng4 4. Bf4 Bb4+ 5. Nd2 Qe7 6. Ngf3 Nc6 7. e3 Ngxe5 8. Nxe5 Nxe5 9. a3 Bxd2+ 10. Qxd2 d6 11. Be2 Be6 12. Qc3 0-0 13. Bxe5 dxe5 14. Qxe5 Rad8 15. 0-0 Rfe8 16. Rfd1 f6 17. Qe4 Qf7 18. Qxb7 Rb8 19. Qxa7 Rxb2 20. Bd3 Reb8 21. Qd4 R2b3 22. a4 Qh5 23. a5 Qg5 24. Qe4 Rxd3 25. Rxd3 Bh3 26. Rad1 f5 27. Qd5+ Kf8 28. f4 Qg6 29. Qc5+ 1-0

[Event "RF-2017-0-00410"]
[Site "LSS email"]
[Date "2017.10.21"]
[Round "?"]
[White "Hernandez, Yordan"]
[Black "Lauer, Frederic"]
[Result "0-1"]
[WhiteElo "1626"]
[BlackElo "1118"]
[PlyCount "40"]
[EventDate "2017.09.23"]
[EventType "tourn (corr)"]
[EventRounds "6"]
[EventCountry "GER"]
[SourceTitle "Corr 2022"]
[Source "ChessBase"]
[SourceDate "2021.10.24"]
[SourceVersion "1"]
[SourceVersionDate "2021.10.24"]
[SourceQuality "1"]

1. e4 c5 2. Nf3 Nc6 3. d4 cxd4 4. c3 d6 5. Bc4 dxc3 6. Nxc3 Nf6 7. 0-0 g6 8. Ng5 e6 9. Bf4 h6 10. Nf3 e5 11. Bg3 a6 12. a4 Bg4 13. Qb3 Qc7 14. Nd5 Nxd5 15. Bxd5 Bxf3 16. Qxf3 Bg7 17. Rac1 0-0 18. Rfd1 Rac8 19. b4 Nd4 20. Qe3 Qxc1 0-1